[Event "World Junior Championship (Girls)"]
[Site "Istanbul TUR"]
[Date "2005.11.09"]
[EventDate "2005.11.09"]
[Round "1"]
[Result "1-0"]
[White "Camelia-Adriana Ciobanu"]
[Black "Kubra Ozturk"]
[WhiteElo "2262"]
[BlackElo "1980"]
[PlyCount "52"]

1. e4 c6 2. d4 d5 3. e5 Bf5 4. Nf3 e6 5. a3 Nd7 6. b4 a5 7. b5
c5 8. c3 a4 9. dxc5 Bxc5 10. Be3 Bxe3 11. fxe3 Ne7 12. Qd4 Qc7
13. Nbd2 Bg6 14. Kf2 Nf5 15. Qb4 Qc5 16. Qxc5 Nxc5 17. c4 Ne7
18. cxd5 Nxd5 19. Rc1 b6 20. Bc4 O-O 21. Ke2 Rfd8 22. Nd4 Ne7
23. Rcd1 Nd5 24. Bxd5 Rxd5 25. Nc6 Rd6 26. Nb4 Ne4 1-0

[Event "World Junior Championship (Girls)"]
[Site "Istanbul TUR"]
[Date "2005.11.10"]
[EventDate "2005.11.09"]
[Round "2"]
[Result "0-1"]
[White "Kubra Ozturk"]
[Black "N Raghavi"]
[WhiteElo "1980"]
[BlackElo "2104"]
[PlyCount "135"]

1. c4 e5 2. Nc3 Nc6 3. Nf3 Nf6 4. e4 Bb4 5. d3 h6 6. Be2 d6
7. O-O Bxc3 8. bxc3 O-O 9. h3 Qe7 10. Be3 Nd8 11. Qc2 c5
12. Rad1 Nc6 13. Nd2 Nh7 14. f4 f5 15. Bf3 exf4 16. Bxf4 Ng5
17. exf5 Nxf3+ 18. Nxf3 Bxf5 19. Rde1 Qd7 20. Bc1 Rf7 21. Be3
Raf8 22. Nh4 Bh7 23. Rxf7 Qxf7 24. Qe2 Ne5 25. d4 Nxc4 26. Bf2
b6 27. Nf3 Bg6 28. Nh4 Bd3 29. Qf3 Nd2 30. Qxf7+ Rxf7 31. Rd1
Ne4 32. Rxd3 Nxf2 33. Re3 Nd1 34. Rd3 Nb2 35. Re3 Nd1 36. Rd3
Nb2 37. Re3 Nc4 38. Re2 Rf4 39. Nf3 Kf7 40. Kf2 Rf6 41. Kg1
Re6 42. Rf2 Ke7 43. Nh4 Re1+ 44. Kh2 Ne3 45. Ng6+ Ke6 46. Nf4+
Kd7 47. Nd3 Rd1 48. Nb2 Rd2 49. Rxd2 Nf1+ 50. Kg1 Nxd2 51. Nd1
Kc6 52. Kf2 Nc4 53. Ke2 b5 54. Kd3 Kd5 55. Nf2 a5 56. h4 Nb2+
57. Kc2 Na4 58. dxc5 dxc5 59. Kd3 c4+ 60. Kc2 Ke5 61. g3 Nc5
62. a3 Kf5 63. Nd1 Ke4 64. a4 Nxa4 65. g4 Kf3 66. g5 hxg5
67. hxg5 Nc5 68. Kd2 0-1

[Event "World Junior Championship (Girls)"]
[Site "Istanbul TUR"]
[Date "2005.11.11"]
[EventDate "2005.11.09"]
[Round "3"]
[Result "1/2-1/2"]
[White "Jessie Gilbert"]
[Black "Kubra Ozturk"]
[WhiteElo "2148"]
[BlackElo "1980"]
[PlyCount "74"]

1. d4 Nf6 2. c4 e6 3. Nf3 Bb4+ 4. Bd2 Qe7 5. Qc2 Nc6 6. a3
Bxd2+ 7. Nbxd2 d5 8. e3 O-O 9. Bd3 h6 10. cxd5 exd5 11. b4 Be6
12. Rc1 Rfc8 13. Nb3 a5 14. b5 a4 15. Nc5 Nd8 16. Ne5 Nd7
17. Nexd7 Bxd7 18. O-O Ne6 19. Nxb7 c6 20. b6 Rcb8 21. Nc5
Rxb6 22. Nxa4 Rb7 23. Ra1 Ra5 24. Bh7+ Kh8 25. Bf5 Nxd4
26. exd4 Bxf5 27. Qxf5 Rxa4 28. Qc8+ Kh7 29. Qxc6 Rxd4 30. a4
Qc7 31. Qxc7 Rxc7 32. a5 Ra7 33. a6 Rb4 34. Ra5 Rb6 35. Rfa1
Kg6 36. Kf1 Kf6 37. Ke2 Ke5 1/2-1/2

[Event "World Junior Championship (Girls)"]
[Site "Istanbul TUR"]
[Date "2005.11.12"]
[EventDate "2005.11.09"]
[Round "4"]
[Result "1-0"]
[White "Kubra Ozturk"]
[Black "Despina Pavlogianni"]
[WhiteElo "1980"]
[BlackElo "1989"]
[PlyCount "68"]

1. c4 Nf6 2. Nc3 g6 3. g3 Bg7 4. Bg2 d6 5. Nf3 O-O 6. O-O e5
7. d3 Nc6 8. Rb1 a5 9. Bd2 h6 10. a3 Be6 11. h3 Qd7 12. Kh2
Ne8 13. b4 axb4 14. axb4 f5 15. b5 Ne7 16. Qc2 Nf6 17. e4 Qe8
18. Ra1 fxe4 19. Rxa8 Qxa8 20. Nxe4 Nxe4 21. dxe4 Kh7 22. Bb4
Nc8 23. Nd2 Rf7 24. Qc3 Qa7 25. Kg1 Nb6 26. g4 Qa2 27. Ra1
Qxa1+ 28. Qxa1 Nxc4 29. Qa8 Nxd2 30. Bxd2 b6 31. Qc6 Bf6
32. Bf1 Bh4 33. Be3 Bc4 34. Bxc4 Bd8 1-0

[Event "World Junior Championship (Girls)"]
[Site "Istanbul TUR"]
[Date "2005.11.13"]
[EventDate "2005.11.09"]
[Round "5"]
[Result "0-1"]
[White "Irina Bulmaga"]
[Black "Kubra Ozturk"]
[WhiteElo "2122"]
[BlackElo "1980"]
[PlyCount "106"]

1. e4 c6 2. c4 d5 3. exd5 cxd5 4. cxd5 Qxd5 5. Nc3 Qa5 6. Bc4
e6 7. Nf3 Nf6 8. O-O Be7 9. d4 O-O 10. Qe2 Nc6 11. Rd1 Rd8
12. h3 a6 13. Bf4 h6 14. a3 Nd5 15. Nxd5 exd5 16. Bd3 Bf6
17. Bc2 Ne7 18. Rac1 Kh8 19. Ne5 Be6 20. Qd3 Kg8 21. Qh7+ Kf8
22. Qh8+ Ng8 23. Bd2 Qb6 24. Bh7 a5 25. Bxh6 gxh6 26. Qxg8+
Ke7 27. Qg3 Rh8 28. Bb1 Rhg8 29. Qe3 Rg7 30. Ng4 Rag8 31. g3
Bg5 32. f4 h5 33. fxg5 Rxg5 34. Rc2 hxg4 35. h4 Rf5 36. Rdc1
Rf3 37. Qe5 f6 38. Qc7+ Qxc7 39. Rxc7+ Kd6 40. Kg2 Rb3
41. R7c2 Rd3 42. Rc6+ bxc6 43. Bxd3 Rb8 44. Rc2 Rb3 45. Bg6
Rf3 46. Rc5 Rb3 47. Rc2 Rf3 48. Rf2 Rxf2+ 49. Kxf2 f5 50. Ke3
c5 51. h5 cxd4+ 52. Kxd4 f4 53. gxf4 g3 0-1

[Event "World Junior Championship (Girls)"]
[Site "Istanbul TUR"]
[Date "2005.11.14"]
[EventDate "2005.11.09"]
[Round "6"]
[Result "0-1"]
[White "Kubra Ozturk"]
[Black "Shadi Paridar"]
[WhiteElo "1980"]
[BlackElo "2237"]
[PlyCount "160"]

1. c4 e5 2. Nc3 Nf6 3. g3 Nc6 4. Bg2 g6 5. d3 Bg7 6. Nf3 d6
7. O-O O-O 8. a3 a5 9. Bd2 h6 10. Rb1 Be6 11. b4 axb4 12. axb4
Qd7 13. b5 Ne7 14. c5 Ne8 15. cxd6 cxd6 16. Qc2 Rc8 17. Rfc1
d5 18. Qd1 Nd6 19. b6 e4 20. Ne1 exd3 21. exd3 Rc6 22. Na4
Rfc8 23. Rxc6 Rxc6 24. Rc1 Rxc1 25. Bxc1 Qb5 26. Ba3 Nec8
27. Qc2 Nxb6 28. Nc5 Bf5 29. h3 h5 30. Qb3 Qxb3 31. Nxb3 Ndc8
32. Bb4 Bf8 33. Ba5 Bd6 34. d4 Be6 35. Nd3 Nc4 36. Bb4 b6
37. Bxd6 N4xd6 38. Nb4 Ne7 39. Kf1 Kf8 40. h4 Ke8 41. Ke2 Kd7
42. Nd3 Bf5 43. Ne5+ Ke6 44. Nc1 f6 45. Ned3 Ne4 46. Nb4 Kd6
47. Ncd3 Nc6 48. Ke3 Nc3 49. f3 Nxb4 50. Nxb4 Nd1+ 51. Kd2 Nb2
52. Bf1 Nc4+ 53. Kc3 Ne3 54. Bb5 Be6 55. Be8 Bf5 56. Bb5 Be6
57. Be8 Bf5 58. Bb5 g5 59. Kd2 Nc4+ 60. Kc3 gxh4 61. gxh4 Ne3
62. Be8 Ng2 63. Bxh5 Nxh4 64. Be8 Nxf3 65. Bh5 Ng5 66. Be2
Ne4+ 67. Kb2 Ng3 68. Bb5 Be4 69. Kc3 f5 70. Kd2 f4 71. Na2 f3
72. Ke1 Nf5 73. Nc3 Nxd4 74. Bf1 Ke5 75. Kf2 Kf4 76. Nd1 Nf5
77. Nb2 Ne3 78. Nd3+ Bxd3 79. Bxd3 Ng4+ 80. Kf1 Ke3 0-1

[Event "World Junior Championship (Girls)"]
[Site "Istanbul TUR"]
[Date "2005.11.17"]
[EventDate "2005.11.09"]
[Round "8"]
[Result "1-0"]
[White "Nadya Karolina Ortiz"]
[Black "Kubra Ozturk"]
[WhiteElo "2218"]
[BlackElo "1980"]
[PlyCount "65"]

1. e4 c6 2. d4 d5 3. Nc3 dxe4 4. Nxe4 Bf5 5. Ng3 Bg6 6. h4 h6
7. Bc4 e6 8. N1e2 Nf6 9. Nf4 Bh7 10. Qe2 Bd6 11. Ngh5 Nxh5
12. Nxh5 Rg8 13. Bf4 Bg6 14. Bxd6 Qxd6 15. O-O-O Nd7 16. Kb1
O-O-O 17. Bb3 Kb8 18. Qf3 Bxh5 19. Qxh5 Qe7 20. Rhe1 Nf6
21. Qf3 g5 22. hxg5 hxg5 23. c3 Nd5 24. c4 Nc7 25. d5 Qc5
26. dxc6 Qxc6 27. Qxf7 Qxg2 28. Rd7 Rdf8 29. Red1 Na6 30. Qxe6
Ka8 31. c5 Nxc5 32. Qxg8 Nxd7 33. Qxf8+ 1-0

[Event "World Junior Championship (Girls)"]
[Site "Istanbul TUR"]
[Date "2005.11.18"]
[EventDate "2005.11.09"]
[Round "9"]
[Result "1-0"]
[White "Kubra Ozturk"]
[Black "Maral Alimova"]
[WhiteElo "1980"]
[BlackElo "2053"]
[PlyCount "68"]

1. c4 g6 2. Nc3 Bg7 3. g3 Nf6 4. Bg2 O-O 5. e3 d6 6. Nge2 c6
7. O-O e5 8. d4 Qc7 9. b4 exd4 10. exd4 Bf5 11. a4 Nbd7 12. a5
a6 13. Bf4 h6 14. c5 Ne8 15. cxd6 Nxd6 16. g4 Bxg4 17. Ne4
Bxe2 18. Qxe2 Rfe8 19. Qd3 Bf8 20. Qh3 f5 21. Nxd6 Bxd6
22. Bxd6 Qxd6 23. Qxh6 Re7 24. h3 Rae8 25. Rad1 Rh7 26. Qg5
Rh5 27. Qd2 Nf6 28. d5 Rd8 29. Rfe1 cxd5 30. Qd4 f4 31. Rd3
Rc8 32. Red1 Rd8 33. Qc3 Qe7 34. Qc5 Qe1+ 1-0

[Event "World Junior Championship (Girls)"]
[Site "Istanbul TUR"]
[Date "2005.11.19"]
[EventDate "2005.11.09"]
[Round "10"]
[Result "1-0"]
[White "Kubra Ozturk"]
[Black "Adeline Chaumont"]
[WhiteElo "1980"]
[BlackElo "2035"]
[PlyCount "91"]

1. c4 c6 2. Nf3 d5 3. b3 Nf6 4. g3 e6 5. Bg2 Nbd7 6. Bb2 Bd6
7. O-O O-O 8. d3 Re8 9. Nbd2 e5 10. Qc2 Nf8 11. a3 Ng6 12. b4
a6 13. Rfc1 Bd7 14. e4 d4 15. c5 Bc7 16. Nc4 h6 17. a4 Qc8
18. Nfd2 Bh3 19. Qd1 Bxg2 20. Kxg2 Qe6 21. Rab1 Nd7 22. Ba3
Rab8 23. Rb2 Qf6 24. Qg4 Ndf8 25. Rcb1 Ne6 26. Kg1 Qe7 27. b5
axb5 28. axb5 Qd7 29. b6 Bd8 30. Qh5 Ng5 31. Nd6 Re6 32. Nf5
Rf6 33. Qg4 Ne6 34. Nc4 Kh7 35. h4 Ne7 36. Nxe5 Qe8 37. Nd6
Qg8 38. h5 Ra8 39. Bb4 Ng5 40. f4 Re6 41. Nexf7 Nxf7 42. Qxe6
Nxd6 43. Qxg8+ Nxg8 44. cxd6 Bxb6 45. e5 g6 46. Be1 1-0

[Event "World Junior Championship (Girls)"]
[Site "Istanbul TUR"]
[Date "2005.11.20"]
[EventDate "2005.11.09"]
[Round "11"]
[Result "0-1"]
[White "Evgenia Meshcheriakova"]
[Black "Kubra Ozturk"]
[WhiteElo "2197"]
[BlackElo "1980"]
[PlyCount "150"]

1. e4 c6 2. c4 d5 3. cxd5 cxd5 4. exd5 Nf6 5. Nc3 Nxd5 6. Bc4
Nb4 7. Nf3 e6 8. d4 Be7 9. O-O O-O 10. a3 Nd5 11. Re1 Nc6
12. Bd3 Bf6 13. Be4 Nce7 14. Ng5 g6 15. Bc2 Bg7 16. Nce4 Nf5
17. Nf3 Qb6 18. Be3 Qxb2 19. Qd3 Qb6 20. Rab1 Qd8 21. Bg5 f6
22. Bd2 b6 23. Nc3 Nc7 24. Qe4 Nd6 25. Qe2 Ba6 26. Bd3 Bxd3
27. Qxd3 Qd7 28. Re2 Nf7 29. Nb5 Nxb5 30. Rxb5 Rad8 31. Qb3
Rfe8 32. h3 Nd6 33. Rb4 Nf5 34. a4 Qd5 35. Qd1 Bf8 36. Rb5 Qd7
37. Bc3 Qc6 38. Qb3 Rc8 39. Rc2 Qc4 40. Ne1 Qxb3 41. Rxb3 Rc4
42. Ra2 Rec8 43. Bb2 Nxd4 44. Bxd4 Rxd4 45. Nf3 Rd1+ 46. Kh2
Bd6+ 47. g3 Rcc1 48. a5 Bc5 49. axb6 Bxb6 50. Re2 Kf7 51. Kg2
e5 52. g4 e4 53. Rxe4 Rc2 54. g5 f5 55. Ne5+ Ke6 56. Ree3 Bxe3
57. Rxe3 Kd5 58. Nd3 Rc7 59. Nf4+ Kc4 60. Ra3 Rd6 61. h4 Kb4
62. Re3 a5 63. Nd3+ Rxd3 64. Rxd3 a4 65. Rd8 Ra7 66. Rb8+ Kc3
67. Rc8+ Kd4 68. Rd8+ Ke4 69. f3+ Kf4 70. Rd4+ Ke3 71. Rd1 a3
72. Kg3 a2 73. Ra1 Ra4 74. f4 Ra3 75. h5 gxh5 0-1

[Event "7th European Individual Championship: Women"]
[Site "Kusadasi TUR"]
[Date "2006.04.04"]
[EventDate "2006.04.04"]
[Round "1"]
[Result "1-0"]
[White "Nataliya Hryhorenko"]
[Black "Kubra Ozturk"]
[WhiteElo "2323"]
[BlackElo "2034"]
[PlyCount "89"]

1. d4 Nf6 2. Nf3 e6 3. Bg5 c5 4. e3 Be7 5. Nbd2 b6 6. Bd3 Bb7
7. c3 Nc6 8. a3 cxd4 9. cxd4 Nd5 10. Bxe7 Qxe7 11. O-O O-O
12. Re1 Rac8 13. e4 Nf4 14. Bf1 d6 15. g3 Ng6 16. Rc1 Rfd8
17. Qe2 d5 18. e5 Rc7 19. b4 Rdc8 20. Nb3 Nb8 21. Qb2 a6
22. h4 Qd7 23. h5 Nf8 24. h6 Nc6 25. hxg7 Ng6 26. Nh2 Kxg7
27. Ng4 Nce7 28. Nf6 Qd8 29. Rxc7 Rxc7 30. Bd3 Ng8 31. Nh5+
Kf8 32. Qd2 Bc6 33. Bxa6 Ba4 34. Rb1 Ra7 35. Bd3 Bd7 36. Ra1
Ba4 37. Nc1 Bd7 38. Ne2 Ra8 39. b5 Ra4 40. Qc2 Ra8 41. a4 Rc8
42. Qd2 Qe7 43. a5 bxa5 44. Rxa5 Qd8 45. Ra7 1-0

[Event "7th European Individual Championship: Women"]
[Site "Kusadasi TUR"]
[Date "2006.04.05"]
[EventDate "2006.04.04"]
[Round "2"]
[Result "1/2-1/2"]
[White "Kubra Ozturk"]
[Black "Marlies Bensdorp"]
[WhiteElo "2034"]
[BlackElo "2230"]
[PlyCount "105"]

1. c4 e5 2. Nc3 Nf6 3. Nf3 Nc6 4. d3 d5 5. cxd5 Nxd5 6. g3 Nb6
7. Bg2 Be7 8. O-O O-O 9. a3 Be6 10. b4 a5 11. b5 Nd4 12. Bb2
Nb3 13. Rb1 f6 14. Nd2 Nc5 15. Nde4 Nbd7 16. Na4 Rc8 17. Rc1
Nxa4 18. Qxa4 b6 19. Qc2 Nc5 20. Nxc5 Bxc5 21. Rfd1 Qe7
22. Ra1 Rfd8 23. e3 Qf7 24. Rd2 Bb3 25. Qc3 a4 26. d4 exd4
27. exd4 Bd6 28. Bc6 Bd5 29. Rc1 Bxc6 30. Qxc6 Re8 31. Rdc2
Ra8 32. Rc4 Kh8 33. Qf3 Ra5 34. Qc6 Qh5 35. Bc3 Rxb5 36. Rxa4
h6 37. Bb4 Bxb4 38. axb4 Rf5 39. Ra8 Rxa8 40. Qxa8+ Kh7
41. Qe4 Qf3 42. Qc2 h5 43. Re1 Kg6 44. Re4 Kh6 45. Re3 Qd5
46. Qc1 Kg6 47. Qxc7 Qxd4 48. Qe7 Qd1+ 49. Re1 Qf3 50. Qe8+
Kh7 51. Qe3 Qxe3 52. Rxe3 Rb5 53. Re4 1/2-1/2

[Event "7th European Individual Championship: Women"]
[Site "Kusadasi TUR"]
[Date "2006.04.06"]
[EventDate "2006.04.04"]
[Round "3"]
[Result "1-0"]
[White "Claudia Eckhardt"]
[Black "Kubra Ozturk"]
[WhiteElo "2260"]
[BlackElo "2034"]
[PlyCount "105"]

1. d4 Nf6 2. Nf3 d5 3. g3 e6 4. Bg2 c5 5. O-O cxd4 6. Nxd4 Nc6
7. Nxc6 bxc6 8. c4 Be7 9. Nc3 O-O 10. Qc2 Ba6 11. cxd5 cxd5
12. Rd1 Qc7 13. Qa4 Bb7 14. Bf4 Qb6 15. Be3 Qa6 16. Rac1 Rfc8
17. Qxa6 Bxa6 18. Bf3 Nd7 19. Bf4 g5 20. Be3 Ne5 21. Bg2 Nc4
22. Bd4 Bb7 23. b3 Nd6 24. Be5 f6 25. Bxd6 Bxd6 26. Nb5 Bc5
27. e3 a6 28. Nd4 Kf7 29. Bh3 Bxd4 30. exd4 Rxc1 31. Rxc1 Rc8
32. Rxc8 Bxc8 33. Kf1 Ke7 34. Ke2 Kd6 35. Kd3 a5 36. Kc3 Ba6
37. Bg4 h6 38. Bd1 e5 39. Bc2 e4 40. b4 axb4+ 41. Kxb4 f5
42. Kc3 f4 43. Kd2 Kc6 44. a3 h5 45. gxf4 gxf4 46. h4 Bc8
47. Bd1 f3 48. Ba4+ Kd6 49. Be8 Bg4 50. Bf7 Bh3 51. Bxh5 Ke6
52. Ke3 Kf6 53. Be8 1-0

[Event "7th European Individual Championship: Women"]
[Site "Kusadasi TUR"]
[Date "2006.04.07"]
[EventDate "2006.04.04"]
[Round "4"]
[Result "1-0"]
[White "Kubra Ozturk"]
[Black "Sonja Sommer"]
[WhiteElo "2034"]
[BlackElo "2047"]
[PlyCount "63"]

1. c4 e5 2. Nc3 Nc6 3. g3 g6 4. Bg2 Bg7 5. e3 Nge7 6. Nge2 d6
7. d3 Be6 8. Nd5 Qd7 9. Rb1 Nd8 10. b4 Nxd5 11. cxd5 Bh3
12. O-O h5 13. Nc3 h4 14. Bxh3 Qxh3 15. Qf3 hxg3 16. Qxg3 Qh5
17. Qg2 f5 18. Bb2 Nf7 19. f4 O-O-O 20. Ne2 Rh7 21. Ng3 Qh4
22. Rbc1 Rdh8 23. Rf2 Nh6 24. Rfc2 Bf6 25. fxe5 Bxe5 26. Bxe5
dxe5 27. d6 Ng4 28. Rxc7+ Rxc7 29. Rxc7+ Kd8 30. Nf1 Qe1
31. h3 Nxe3 32. Qg5+ 1-0

[Event "7th European Individual Championship: Women"]
[Site "Kusadasi TUR"]
[Date "2006.04.08"]
[EventDate "2006.04.04"]
[Round "5"]
[Result "0-1"]
[White "Marta Bartel"]
[Black "Kubra Ozturk"]
[WhiteElo "2202"]
[BlackElo "2034"]
[PlyCount "88"]

1. d4 Nf6 2. Nf3 e6 3. c4 b6 4. g3 Ba6 5. b3 Bb4+ 6. Bd2 Be7
7. Bg2 c6 8. Nc3 d5 9. Ne5 Nbd7 10. Nxd7 Nxd7 11. O-O O-O
12. Re1 Nf6 13. e3 Rc8 14. Bf1 Bb7 15. Na4 Ne4 16. Bd3 Nxd2
17. Qxd2 c5 18. Rad1 cxd4 19. exd4 dxc4 20. bxc4 g6 21. Bf1
Qd7 22. Nb2 Rfd8 23. Bg2 b5 24. Bxb7 Qxb7 25. Qe2 bxc4
26. Nxc4 Bb4 27. Rb1 Rxd4 28. Ne3 Qe7 29. Rf1 Bc5 30. Rfc1
Rcd8 31. Rc2 Rb4 32. Rxb4 Bxb4 33. Ng4 Bd6 34. Qf3 h5 35. Nf6+
Kg7 36. Ne4 Be5 37. Qe2 Qb7 38. Nc5 Qd5 39. Rc1 Bd4 40. Ne4
Qe5 41. Qf3 Rb8 42. h4 Rb2 43. Rf1 Rxa2 44. Ng5 Qf5 0-1

[Event "7th European Individual Championship: Women"]
[Site "Kusadasi TUR"]
[Date "2006.04.09"]
[EventDate "2006.04.04"]
[Round "6"]
[Result "1-0"]
[White "Kubra Ozturk"]
[Black "Svetlana Petrenko"]
[WhiteElo "2034"]
[BlackElo "2346"]
[PlyCount "89"]

1. c4 f5 2. d4 Nf6 3. Nc3 g6 4. g3 Bg7 5. Bg2 O-O 6. Nf3 d6
7. O-O e6 8. Rb1 Ne4 9. Qc2 d5 10. Bf4 c6 11. b4 a6 12. a4 Nd7
13. b5 axb5 14. axb5 h6 15. h4 Kh7 16. Ne5 Nxe5 17. Bxe5 Bxe5
18. dxe5 Qc7 19. Nxe4 dxe4 20. Qb2 Ra4 21. Rfc1 c5 22. b6 Qe7
23. Qc2 Ra6 24. Rd1 Rd8 25. f3 Rd7 26. fxe4 f4 27. gxf4 Qxh4
28. Rxd7+ Bxd7 29. Qd3 Bc6 30. Qd6 Ra8 31. Qxe6 Rg8 32. Rf1
Qg3 33. Qh3 Qxh3 34. Bxh3 Bxe4 35. Bg2 Bxg2 36. Kxg2 Rd8
37. e3 Rd3 38. Rb1 Rxe3 39. Rd1 g5 40. f5 Rxe5 41. Rd7+ Kg8
42. Rxb7 Re2+ 43. Kf3 Rb2 44. Kg4 Kf8 45. f6 1-0

[Event "7th European Individual Championship: Women"]
[Site "Kusadasi TUR"]
[Date "2006.04.10"]
[EventDate "2006.04.04"]
[Round "7"]
[Result "1-0"]
[White "Lilit Mkrtchian"]
[Black "Kubra Ozturk"]
[WhiteElo "2453"]
[BlackElo "2034"]
[PlyCount "47"]

1. e4 c6 2. d4 d5 3. Nd2 dxe4 4. Nxe4 Bf5 5. Ng3 Bg6 6. h4 h6
7. Nf3 e6 8. Ne5 Bh7 9. Bd3 Bxd3 10. Qxd3 Nf6 11. Bd2 Nbd7
12. f4 Be7 13. O-O-O O-O 14. Qf3 Nd5 15. f5 Bd6 16. Nh5 Nxe5
17. dxe5 Bxe5 18. Rhe1 Bf6 19. c4 Qb6 20. Qa3 Be7 21. Qg3 Bf6
22. Nxf6+ Nxf6 23. Bc3 Kh7 24. fxe6 1-0

[Event "7th European Individual Championship: Women"]
[Site "Kusadasi TUR"]
[Date "2006.04.12"]
[EventDate "2006.04.04"]
[Round "8"]
[Result "0-1"]
[White "Kubra Ozturk"]
[Black "Nelly Aginian"]
[WhiteElo "2034"]
[BlackElo "2319"]
[PlyCount "106"]

1. c4 c5 2. Nc3 Nf6 3. g3 d5 4. cxd5 Nxd5 5. Bg2 Nc7 6. Qa4+
Qd7 7. Nf3 Nc6 8. d3 e5 9. O-O Rb8 10. a3 b5 11. Qc2 Ne6
12. e3 Be7 13. b3 O-O 14. Bb2 b4 15. Na4 f6 16. Nd2 Rd8
17. Nc4 Bb7 18. Rfd1 Nc7 19. f4 exf4 20. gxf4 Nd5 21. Qf2 bxa3
22. Bxa3 Ndb4 23. Nc3 Qg4 24. h3 Qh5 25. Bxb4 cxb4 26. Ne4 f5
27. Ng3 Qg6 28. Nf1 Bf6 29. Ra2 Rd7 30. Qg3 Qf7 31. d4 Qe7
32. Qf2 Rbd8 33. d5 Nb8 34. Rxa7 Ba6 35. Rxd7 Nxd7 36. Nfd2
Nc5 37. d6 Qe8 38. Bd5+ Kh8 39. Nf3 Ne4 40. Bxe4 Qxe4 41. Nce5
Kg8 42. Qd2 Bb7 43. Kh2 Bxe5 44. Ng5 Bc3 45. Qe2 Qc6 46. Qc4+
Qxc4 47. bxc4 Bc8 48. c5 h6 49. Nf3 Bd7 50. Nd4 Ba4 51. Kg1
Rc8 52. c6 Bxd4 53. d7 Kf8 0-1

[Event "7th European Individual Championship: Women"]
[Site "Kusadasi TUR"]
[Date "2006.04.13"]
[EventDate "2006.04.04"]
[Round "9"]
[Result "1/2-1/2"]
[White "Ana Gavasheli"]
[Black "Kubra Ozturk"]
[WhiteElo "2202"]
[BlackElo "2034"]
[PlyCount "107"]

1. d4 Nf6 2. c4 e6 3. Nc3 d5 4. Bg5 Be7 5. cxd5 exd5 6. Qc2 c6
7. e3 O-O 8. Bd3 Nbd7 9. Nf3 Re8 10. O-O Nf8 11. Bxf6 Bxf6
12. b4 Bd7 13. b5 g6 14. bxc6 bxc6 15. Na4 Ne6 16. Rfc1 Qa5
17. Nc5 Nxc5 18. Qxc5 Qxc5 19. Rxc5 a5 20. Rac1 Be7 21. R5c2
f6 22. a4 Rab8 23. Ne1 Rb4 24. Ra1 Reb8 25. Rcc1 Kf7 26. Be2
Rb2 27. Kf1 Rd2 28. Nd3 Bf5 29. Nf4 Rbb2 30. Rxc6 Rxe2
31. Nxe2 Bd3 32. Rc7 Bxe2+ 33. Kg1 Ke6 34. Ra7 Bb4 35. Rxh7
Bc4 36. Rc7 Bc3 37. Rc6+ Kf5 38. h3 g5 39. g4+ Kg6 40. Rc1 Bd2
41. Rd1 Ra2 42. Rc5 Bb4 43. Rc7 Be2 44. Rdc1 Bf3 45. Rd7 Be4
46. Kf1 Rxa4 47. f3 Bxf3 48. Rcc7 Be4 49. Rc8 Bd3+ 50. Kf2
Ra2+ 51. Kg1 Ra1+ 52. Kf2 Ra2+ 53. Kg1 Ra1+ 54. Kf2 1/2-1/2

[Event "7th European Individual Championship: Women"]
[Site "Kusadasi TUR"]
[Date "2006.04.14"]
[EventDate "2006.04.04"]
[Round "10"]
[Result "0-1"]
[White "Kubra Ozturk"]
[Black "Vera Peicheva Juergens"]
[WhiteElo "2034"]
[BlackElo "2330"]
[PlyCount "108"]

1. c4 Nf6 2. Nc3 g6 3. g3 Bg7 4. Bg2 O-O 5. e3 c6 6. Nge2 e5
7. d4 d6 8. O-O Qe7 9. b4 e4 10. Rb1 Bf5 11. a4 Nbd7 12. a5 b6
13. Ba3 Rfc8 14. Qb3 Rab8 15. Qa2 Bg4 16. Rfc1 b5 17. cxb5
cxb5 18. Nf4 a6 19. h3 Bf3 20. Rc2 Bxg2 21. Kxg2 Bh6 22. Ncd5
Qd8 23. Rbc1 Rxc2 24. Qxc2 g5 25. Nxf6+ Nxf6 26. Ne2 d5
27. Qc6 Ra8 28. g4 Bf8 29. Ng3 Ra7 30. Nf5 Ne8 31. Qc8 Ra8
32. Qxd8 Rxd8 33. f3 exf3+ 34. Kxf3 Nd6 35. Nxd6 Rxd6 36. Rc8
Kg7 37. Kg3 Re6 38. Kf3 Be7 39. Rc7 Rf6+ 40. Kg2 Re6 41. Kf3
Kf6 42. Rc2 Kg6 43. Rc8 h5 44. Rb8 hxg4+ 45. hxg4 f5 46. Rb6
Kf6 47. gxf5 Kxf5 48. Rb7 g4+ 49. Ke2 g3 50. Bc1 Bxb4 51. Rf7+
Rf6 52. Rg7 Rg6 53. Rxg6 Kxg6 54. Kf3 Kf5 0-1

[Event "7th European Individual Championship: Women"]
[Site "Kusadasi TUR"]
[Date "2006.04.15"]
[EventDate "2006.04.04"]
[Round "11"]
[Result "1-0"]
[White "Andjelija Stojanovic"]
[Black "Kubra Ozturk"]
[WhiteElo "2193"]
[BlackElo "2034"]
[PlyCount "79"]

1. d4 Nf6 2. c4 e6 3. g3 d5 4. Bg2 Bb4+ 5. Bd2 Be7 6. Nf3 O-O
7. O-O Nbd7 8. Qc2 c5 9. cxd5 exd5 10. Nc3 Re8 11. Bf4 a6
12. Rfd1 c4 13. e4 dxe4 14. Ne5 Nb6 15. Nxe4 Nbd5 16. Ng5 Rf8
17. Qxc4 h6 18. Ne4 Be6 19. Qd3 Rc8 20. Nc3 Qa5 21. Nxd5 Nxd5
22. Bd2 Qd8 23. a3 Bd6 24. Rac1 f6 25. Nc4 Bb8 26. Ne3 Qd7
27. Rc5 Nxe3 28. Bxe3 Bd6 29. Rxc8 Rxc8 30. d5 Bg4 31. Rc1
Rxc1+ 32. Bxc1 Qc7 33. Be3 Bd7 34. Qg6 Kf8 35. Bf3 Be5 36. Bh5
Bb5 37. Qh7 Qc4 38. Qh8+ Ke7 39. Qxg7+ Kd8 40. Bxh6 1-0

[Event "37th Chess Olympiad: Women"]
[Site "Turin ITA"]
[Date "2006.05.22"]
[EventDate "2006.05.21"]
[Round "2"]
[Result "1-0"]
[White "Ekaterini Fakhiridou"]
[Black "Kubra Ozturk"]
[WhiteElo "2292"]
[BlackElo "2034"]
[PlyCount "115"]

1. e4 c6 2. d4 d5 3. Nc3 dxe4 4. Nxe4 Bf5 5. Nc5 b6 6. Nb3 Nf6
7. Nf3 e6 8. g3 Be7 9. Bg2 O-O 10. O-O Qc7 11. Qe2 Nbd7 12. h3
Bd6 13. c4 Rad8 14. Be3 c5 15. Rfd1 Bg6 16. Rac1 e5 17. dxc5
bxc5 18. Nh4 Rfe8 19. Nxg6 hxg6 20. Qe1 Nf8 21. Qa5 Qb6
22. Qb5 Ne6 23. Na5 Bc7 24. Rxd8 Bxd8 25. Nb3 Be7 26. Bd2 Rb8
27. Qxb6 axb6 28. Re1 Bd6 29. Bc3 Nd4 30. Nd2 Re8 31. g4 Kf8
32. Nf1 Nh7 33. Ne3 Ng5 34. Kf1 Bc7 35. Nd5 Bd8 36. b4 e4
37. a4 Ngf3 38. Bxf3 Nxf3 39. Rd1 f5 40. b5 Kf7 41. Kg2 Nh4+
42. Kf1 Nf3 43. a5 bxa5 44. b6 fxg4 45. hxg4 Bg5 46. Ke2 Rb8
47. Ra1 Bf6 48. Bxf6 gxf6 49. Rxa5 Nd4+ 50. Ke3 f5 51. Rxc5
Ne6 52. Rb5 Ke8 53. gxf5 gxf5 54. Nc7+ Kd7 55. Rd5+ Ke7
56. Rxf5 Nxc7 57. bxc7 Rc8 58. Rh5 1-0

[Event "37th Chess Olympiad: Women"]
[Site "Turin ITA"]
[Date "2006.05.24"]
[EventDate "2006.05.21"]
[Round "4"]
[Result "1/2-1/2"]
[White "Kubra Ozturk"]
[Black "Petra Blazkova"]
[WhiteElo "2034"]
[BlackElo "2242"]
[PlyCount "68"]

1. Nf3 f5 2. g3 Nf6 3. Bg2 g6 4. O-O Bg7 5. c4 O-O 6. Nc3 d6
7. d4 Nc6 8. Rb1 e5 9. e3 e4 10. Nd2 Nb4 11. f3 Bh6 12. Nb3 d5
13. a3 Nd3 14. cxd5 Nxc1 15. Qxc1 exf3 16. Rxf3 Re8 17. Qd2 b6
18. Re1 Bb7 19. Nc1 Nxd5 20. Nxd5 Bxd5 21. Rf2 Bxg2 22. Rxg2
Re4 23. Qc3 Qe7 24. Rge2 Re8 25. Kf2 Qd6 26. Nd3 Bg7 27. Kf1
Qe7 28. Nf2 Re6 29. b4 g5 30. e4 f4 31. e5 fxg3 32. hxg3 c5
33. bxc5 bxc5 34. Qxc5 Qxc5 1/2-1/2

[Event "37th Chess Olympiad: Women"]
[Site "Turin ITA"]
[Date "2006.05.25"]
[EventDate "2006.05.21"]
[Round "5"]
[Result "1-0"]
[White "Ghate Swathi"]
[Black "Kubra Ozturk"]
[WhiteElo "2262"]
[BlackElo "2034"]
[PlyCount "111"]

1. e4 c6 2. d4 d5 3. Nd2 dxe4 4. Nxe4 Bf5 5. Ng3 Bg6 6. h4 h6
7. Nf3 Nd7 8. h5 Bh7 9. Bd3 Bxd3 10. Qxd3 e6 11. Bf4 Qa5+
12. Bd2 Qc7 13. O-O-O Ngf6 14. Qe2 O-O-O 15. Ne5 Nxe5 16. dxe5
Nd5 17. Kb1 Be7 18. c4 Nb4 19. f4 c5 20. Ne4 Nc6 21. Be3 b6
22. a3 f6 23. exf6 gxf6 24. Nc3 Rxd1+ 25. Rxd1 Rd8 26. f5
Rxd1+ 27. Qxd1 exf5 28. Qf3 Nd4 29. Bxd4 cxd4 30. Qxf5+ Qd7
31. Qxd7+ Kxd7 32. Nd5 Bd8 33. Kc2 Kd6 34. Kd3 Ke5 35. Nb4 Kd6
36. Kxd4 f5 37. Nd5 Bh4 38. Kd3 Ke5 39. a4 Bf2 40. b4 a5
41. bxa5 bxa5 42. Ne7 Kf4 43. Ke2 Bc5 44. Nc6 Bb6 45. Kd3 Kg5
46. Nd4 Kxh5 47. Nxf5 Kg5 48. Ke4 h5 49. Ng3 h4 50. Ne2 Kf6
51. Kd5 Ke7 52. c5 Bc7 53. Kc6 Kd8 54. Kb7 Kd7 55. Nd4 Be5
56. c6+ 1-0